00770naa#a2200181#i#4500001001600000005001700016011001400033100004100047102000700088200018000095210012800275215001000403608004500413675003200458700003000490700005200520856001600572RU\\bibl\12026420260417193636.5##a1819-4036##a20210331b2021####ek#y0rusy0150####ca##aRU1#aНУЛЕВАЯ ОБРАБОТКА ПОЧВЫ НА ЧЕРНОЗЕМАХ ВЫЩЕЛОЧЕННЫХ КРАСНОЯРСКОЙ ЛЕСОСТЕПИeЖурнальная статья1#aКрасноярскcКрасноярский государственный аграрный университетd2021##a6 с.##aЖурнальная статья2local##aПолеводство. 633#1aМихайловаgЗ И#1aИвченкоgВладимир Кузьмич4#asej.kgau.ru